Devine le joueur de football selon ses clubs #9 - Statistiques

Statistiques générales
  • Ce quiz a été pris 343 fois
  • Le résultat moyen est 4 sur 6
Statistiques - réponses
1er club 2ème club 3ème club 4ème club 5ème club Réponse % Correct
Stuttgart II Stuttgart AS Rome Chelsea FC Real Madrid Antonio Rudiger
79%
Séville Atlético Séville FC Real Madrid PSG Séville FC Sergio Ramos
78%
Maritimo FC Porto Real Madrid Besiktas FC Porto Pepe
73%
Arsenal FC FC Barcelone Chelsea FC AS Monaco Côme FC Cesc Fabregas
68%
Bayern Munich Bayer Leverkusen Liverpool FC Juventus FC Dortmund Emre Can
49%
Atlético de Madrid Deportivo Alavés Real Madrid Real Sociedad AC Milan Théo Hernandez
45%
Aucun quiz correspondant
Distribution des résultats
% des personnes avec chaque résultat
Percentile par nombre de réponses
Votre historique - résultats
Vous n’avez pas pris ce quiz